| 000 | 00515nam a22001577a 4500 | ||
|---|---|---|---|
| 003 | macl | ||
| 005 | 20180526170227.0 | ||
| 008 | 180526b xxu||||| |||| 00| 0 eng d | ||
| 040 | _cmacl | ||
| 082 | _a800 | ||
| 100 |
_aशर्मा , अमरेन्द्र कुमार _948058 |
||
| 245 | _aआलोचना का स्वराज | ||
| 260 |
_aदिल्ली _bसाहित्य सराेवर _c2016 |
||
| 650 |
_aसाहित्य _972626 |
||
| 942 |
_2ddc _cHIN |
||
| 999 |
_c58141 _d58141 |
||